Gestión & costos (Registro nro. 719)

Detalles MARC
000 -LEADER
fixed length control field 02426 a2200457 4500
001 - CONTROL NUMBER
control field 17105
005 - DATE AND TIME OF LATEST TRANSACTION
control field 20260407155459.0
008 - FIXED-LENGTH DATA ELEMENTS--GENERAL INFORMATION
fixed length control field 260407a2001 arg spa d
003 - CONTROL NUMBER IDENTIFIER
control field AR-UNSa-BCEJYS
040 ## - CATALOGING SOURCE
Original cataloging agency AR-UNSa-BCEJYS
Language of cataloging spa
Transcribing agency AR-UNSa-BCEJYS
080 ## - UNIVERSAL DECIMAL CLASSIFICATION NUMBER
Universal Decimal Classification number 657.47
Common auxiliary subdivision Contabilidad de Costos
020 ## - INTERNATIONAL STANDARD BOOK NUMBER
International Standard Book Number 978-950-537-540-0
100 1# - MAIN ENTRY--PERSONAL NAME
Personal name Giménez, Carlos Manuel
245 10 - TITLE STATEMENT
Title Gestión & costos
Name of part/section of a work beneficio creciente, mejora continua
264 #1 - PRODUCTION, PUBLICATION, DISTRIBUTION, MANUFACTURE, AND COPYRIGHT NOTICE
Place of production, publication, distribution, manufacture Buenos Aires :
Name of producer, publisher, distributor, manufacturer Ediciones Macchi
Date of production, publication, distribution, manufacture, or copyright notice 2001
300 ## - PHYSICAL DESCRIPTION
Extent xxxvi, 601 p.
Dimensions 26 cm.
505 ## - FORMATTED CONTENTS NOTE
Formatted contents note 1. La contabilidad y la gestión en las unidades económicas - 2. El control de la gestión empresaria - 3. Factores y componentes del costo - 4. Costeo basado en las actividades - 5. Gerenciamiento basado en las actividades (ABM) - 6. Costos para toma de decisiones - 7. Planificación, presupuestos y su control - 8. Nuevas técnicas de gestión y control de los costos. Sistemas de producción híbridos - Justo a tiempo (JIT) - 9. Administración de la calidad - 10. El tiempo como elemento competitivo y el ciclo de vida - 11. Teoría de las restricciones: Un enfoque estratégico - 12. Orientación al cliente y gestión estratégica - 13. La gestión de los costos ambientales - 14. Nuevas técnicas de gestión y reducción de costos. Reingeniería - 15. Costeo por objetivos (Target costing) - 16. Los costos y la adopción de decisiones - 17. Proceso gerencial e información contable y extracontable - 18. Tablero de comando - 19. Benchmarking
590 ## - LOCAL NOTE (RLIN)
Local note niveau_biblio:m niveau_hierar:0
700 1# - ADDED ENTRY--PERSONAL NAME
Personal name Benvenuto, Edgardo M.
700 1# - ADDED ENTRY--PERSONAL NAME
Personal name Benvenuto, Olver
700 1# - ADDED ENTRY--PERSONAL NAME
Personal name Cahwje, Jorge Alberto
700 1# - ADDED ENTRY--PERSONAL NAME
Personal name Carratalá, Juan Martín
700 1# - ADDED ENTRY--PERSONAL NAME
Personal name Carro, Roberto Ricardo
700 1# - ADDED ENTRY--PERSONAL NAME
Personal name Daian, Isaac Martín
700 1# - ADDED ENTRY--PERSONAL NAME
Personal name Abdel-Hamid, Tarek K.
700 1# - ADDED ENTRY--PERSONAL NAME
Personal name Font de Malugani, Elba
700 1# - ADDED ENTRY--PERSONAL NAME
Personal name Gaudino, Ovidio
700 1# - ADDED ENTRY--PERSONAL NAME
Personal name Giménez Vetere, María Nidia
700 1# - ADDED ENTRY--PERSONAL NAME
Personal name Ksairi, Jorge Luis
700 1# - ADDED ENTRY--PERSONAL NAME
Personal name López de Trabucco, Nélida M.
700 1# - ADDED ENTRY--PERSONAL NAME
Personal name López Couceiro, Edmundo
700 1# - ADDED ENTRY--PERSONAL NAME
Personal name Macrini, Domingo
700 1# - ADDED ENTRY--PERSONAL NAME
Personal name Miyaji, Ricardo
700 1# - ADDED ENTRY--PERSONAL NAME
Personal name Mocciaro, Osvaldo A.
700 1# - ADDED ENTRY--PERSONAL NAME
Personal name Safarano, José M.
700 1# - ADDED ENTRY--PERSONAL NAME
Personal name Stasi, Juan Carlos
700 1# - ADDED ENTRY--PERSONAL NAME
Personal name Wajchman, Bernardo
700 1# - ADDED ENTRY--PERSONAL NAME
Personal name Wajchman, Mauricio
856 41 - ELECTRONIC LOCATION AND ACCESS
Uniform Resource Identifier <a href="https://biblioeco.unsa.edu.ar/pmb/images/libros/Gestion & Costos2-l86220.jpeg">https://biblioeco.unsa.edu.ar/pmb/images/libros/Gestion & Costos2-l86220.jpeg</a>
Link text Imagen de portada
Electronic format type image/jpeg
942 ## - ADDED ENTRY ELEMENTS (KOHA)
Koha item type
Existencias
Withdrawn status Lost status Damaged status Not for loan Home library Current library Shelving location Date acquired Total checkouts Full call number Barcode Date last seen Price effective from Koha item type Public note
        Biblioteca Prof. Eusebio Cleto del Rey Biblioteca Prof. Eusebio Cleto del Rey   07/04/2026   657.47 G491g L86220 07/04/2026 07/04/2026 Libro  
        Biblioteca Prof. Eusebio Cleto del Rey Biblioteca Prof. Eusebio Cleto del Rey   07/04/2026   657.47 G491g L129282 07/04/2026 07/04/2026 Libro RESALTADOR FLÚOR AMARILLO Y NARANJA -